Ekonomie a štěstí: proč více někdy není lépe

Zjavné preferencie a subjektívne šťastie. Easterlingov paradox. Hranice racionality "more is better", externality a introspekcia. "Theory of happiness" verzus " Joyless economy". Ekonomická motivácia, svet tovarov a vzťahy ľudí (goods, positional verzus rational goods). Implikácia pre teóriu hospo...

Ausführliche Beschreibung

Gespeichert in:
Bibliographische Detailangaben
1. Verfasser: Mlčoch, Lubomír
Format: Buchkapitel
Sprache:Tschechisch
Schlagworte:
Tags: Tag hinzufügen
Keine Tags, Fügen Sie das erste Tag hinzu!

MARC

LEADER 00000naa$a2200000$$$4500
001 0056719
005 20231019131144.7
041 0 |a cze 
044 |a CZ 
245 1 0 |a Ekonomie a štěstí: proč více někdy není lépe  |c Lubomír Mlčoch 
520 |a Zjavné preferencie a subjektívne šťastie. Easterlingov paradox. Hranice racionality "more is better", externality a introspekcia. "Theory of happiness" verzus " Joyless economy". Ekonomická motivácia, svet tovarov a vzťahy ľudí (goods, positional verzus rational goods). Implikácia pre teóriu hospodárskej politiky. Rast ako vedľajší efekt šťastia. 
610 2 0 |a veda ekonomická 
610 2 0 |a politika hospodárska 
610 2 0 |a teórie ekonomické 
610 2 0 |a rast hospodársky 
610 2 0 |a transformácia 
610 2 0 |a Nemecko 
610 2 0 |a motivácia 
100 1 |a Mlčoch, Lubomír